| 000 | 00620nam a22001817a 4500 | ||
|---|---|---|---|
| 999 |
_c186470 _d186470 |
||
| 005 | 20220307113334.0 | ||
| 010 | _aENG-131850 | ||
| 020 |
_a9789325976689 _c325.00 |
||
| 035 | _aEN-115382 | ||
| 037 | _bDBAD/PUB | ||
| 082 | _a306.20954 | ||
| 100 | _aKHANDWALLA, PRADIP N. | ||
| 245 |
_aCreative Socitey: _bProspects For India _cPradip N. Khandwalla |
||
| 260 |
_aNoida _bVikas Publishing House Pvt Ltd _c2014 |
||
| 270 |
_aE-28,Sector-8 Noida _bUttar Pradesh _e201301 _k4078900 _l4078999 _mhelpline@vikaspublishing.com |
||
| 300 |
_a xiii, 418p. _c21cm(pbk) _bIndex |
||
| 942 |
_2ddc _cEN _h306.20954 _mKHA |
||